| 000 | 00676cam a2200241 4500 | ||
|---|---|---|---|
| 999 |
_c1156 _d1156 |
||
| 001 | 15550 | ||
| 003 | BD-DhUAP | ||
| 005 | 20201230102441.0 | ||
| 008 | 200203r20101974bg a 001 0 eng d | ||
| 020 | _c9843000008210 | ||
| 040 |
_aDLC _cBD-DhUAP _dBD-DhUAP _bEng |
||
| 082 | 0 | 0 |
_a349.5492 ROU _223 |
| 100 | 1 | _aRouth, S. K. | |
| 245 | 1 | 0 |
_aElements of Hindu law / _cS. K. Routh. |
| 250 | _a2nd ed. | ||
| 260 |
_aDhaka: _bComilla Law Book House, _cc1974 [Reprinted 2010]. |
||
| 300 |
_axviii, 325 pages : _billustrations ; _c22 cm. |
||
| 500 | _aIncludes index. | ||
| 650 | 0 | _aHindu Law | |
| 650 | 0 |
_zDomestic relations _vHindu law |
|
| 650 | 0 | _aHinduism | |
| 942 |
_2ddc _cBK |
||